[Event "21e tournoi d'automne"]
[Site "Montigny le Bretonneux"]
[Date "2023.10.25"]
[Round "5.10"]
[White "Ben Hamouda, Catherine"]
[Black "Tanchoux, Pierre"]
[Result "0-1"]
[WhiteElo "1010"]
[BlackElo "1242"]
[Annotator "Rivier,Sylvain"]
[PlyCount "104"]
[EventDate "2023.??.??"]

{Défense sicilienne, attaque Canal-Sokolsky} 1. e4 c5 2. Nf3 d6 3. Bb5+ Bd7 4.
Bxd7+ Qxd7 5. c3 Nf6 6. Qe2 e6 7. O-O Nc6 8. Rd1 Be7 9. d4 cxd4 10. cxd4 d5 11.
Nc3 Nxe4 12. Nxe4 dxe4 13. Qxe4 O-O 14. Be3 Rad8 15. Qc2 Bf6 16. Ne5 Bxe5 17.
dxe5 Qc8 18. f4 Rd7 19. Rd2 Rxd2 20. Bxd2 Rd8 21. a3 h6 22. Bb4 Nd4 23. Qxc8
Rxc8 24. Rd1 Rd8 25. Kf2 Rd5 26. Bc3 Nc6 27. Rxd5 exd5 28. Ke3 a5 29. g3 Kf8
30. h3 Ke8 31. f5 b5 32. b4 axb4 33. axb4 Kf8 34. g4 g6 35. fxg6 fxg6 36. h4
Kf7 37. g5 h5 38. Kf4 Ke6 39. Ke3 Nxe5 40. Bxe5 Kxe5 41. Kd3 d4 42. Kd2 Ke4 43.
Ke2 d3+ 44. Kd2 Kd4 45. Kd1 Kc4 46. Kd2 Kxb4 47. Kxd3 Kb3 48. Kd2 Kb2 49. Kd1
b4 50. Kd2 b3 51. Kd1 Ka2 52. Kc1 b2+ 0-1

[Event "21e tournoi d'automne"]
[Site "Montigny le Bretonneux"]
[Date "2023.10.26"]
[Round "6.1"]
[White "Fruchard, Cyrille"]
[Black "Martin-Breteau, Paul"]
[Result "1-0"]
[WhiteElo "2323"]
[BlackElo "1556"]
[Annotator "Rivier,Sylvain"]
[PlyCount "63"]
[EventDate "2023.??.??"]

{Ouverture du pion dame} 1. d4 Nf6 2. Nf3 e6 3. e3 b6 4. Nbd2 d5 5. Bb5+ c6 6.
Bd3 Be7 7. e4 dxe4 8. Nxe4 Bb7 9. Qe2 Nbd7 10. Neg5 c5 11. Nxf7 Bxf3 12. Qxe6
Bd5 13. Nxd8 Bxe6 14. Nxe6 Rc8 15. Ba6 Rc6 16. Nxg7+ Kf7 17. Nf5 cxd4 18. Nxd4
Bb4+ 19. c3 Re8+ 20. Kd1 Rd6 21. Bf4 Ne5 22. Kc2 Nd5 23. Bxe5 Rxe5 24. Rae1
Rxe1 25. Rxe1 Bc5 26. Bc4 Bxd4 27. cxd4 Kf6 28. Bxd5 Rxd5 29. Kd3 Ra5 30. a3
Rb5 31. b4 Rf5 32. Re3 1-0

[Event "21e tournoi d'automne"]
[Site "Montigny le Bretonneux"]
[Date "2023.10.26"]
[Round "6.2"]
[White "Gouanelle, Franck"]
[Black "Benhadid, Jeilynn"]
[Result "1-0"]
[WhiteElo "2058"]
[BlackElo "1504"]
[Annotator "Rivier,Sylvain"]
[PlyCount "135"]
[EventDate "2023.??.??"]

{Défense Pirc, variante classique} 1. d4 Nf6 2. Nc3 g6 3. e4 d6 4. h3 Bg7 5.
Be3 O-O 6. Nf3 Nc6 7. Bb5 Bd7 8. e5 dxe5 9. dxe5 Ne8 10. Bf4 f6 11. Bc4+ e6 12.
Qd2 Nxe5 13. Nxe5 fxe5 14. Bg5 Bf6 15. Ne4 Bxg5 16. Nxg5 Qe7 17. Qxd7 Qxd7 18.
Bxe6+ Qxe6 19. Nxe6 Rf6 20. Ng5 Nd6 21. O-O Raf8 22. b3 Kh8 23. Rae1 Nf5 24.
Rxe5 h6 25. Ne6 R8f7 26. Rfe1 Nd6 27. f3 b6 28. Nd8 Rf8 29. Nc6 a5 30. Ne7 R8f7
31. Nd5 Rf5 32. c4 Kg7 33. Re6 h5 34. Nxc7 Rxc7 35. Rxd6 Rf6 36. Ree6 Rxe6 37.
Rxe6 Rb7 38. Kf2 Kf7 39. Rd6 Kg7 40. h4 Kf7 41. Kg3 Kg7 42. Kf4 Rf7+ 43. Ke4
Re7+ 44. Kd5 Re2 45. Rxb6 Rxg2 46. c5 g5 47. c6 Rd2+ 48. Ke5 Rc2 49. hxg5 h4
50. c7 Rxc7 51. Rh6 Rc2 52. Rxh4 Rxa2 53. Ra4 Rb2 54. Rxa5 Rxb3 55. f4 Re3+ 56.
Kf5 Re7 57. Kg4 Re4 58. Ra7+ Kg6 59. Ra6+ Kg7 60. Kf5 Re7 61. g6 Rb7 62. Kg5
Rb1 63. Ra7+ Kg8 64. f5 Rb8 65. f6 Rc8 66. Kh6 Rb8 67. f7+ Kf8 68. g7# 1-0

[Event "21e tournoi d'automne"]
[Site "Montigny le Bretonneux"]
[Date "2023.10.26"]
[Round "6.3"]
[White "Touati, Bruno"]
[Black "Forissier, Nicolas"]
[Result "1-0"]
[WhiteElo "1699"]
[BlackElo "1878"]
[Annotator "Rivier,Sylvain"]
[PlyCount "71"]
[EventDate "2023.??.??"]

{Défense Grünfeld} 1. Nf3 Nf6 2. d4 d5 3. c4 g6 4. Nc3 Bg7 5. Bg5 c6 6. cxd5
Nxd5 7. e4 Nb6 8. Qd2 h6 9. Be3 Be6 10. b3 N8d7 11. Bd3 Nf6 12. h3 Kf8 13. Ne2
g5 14. O-O g4 15. hxg4 Nxg4 16. Nf4 Qd6 17. Nh5 Nxe3 18. fxe3 Rg8 19. Nxg7 Rxg7
20. Nh4 Rg5 21. e5 Qd7 22. Rf2 Kg7 23. Raf1 Rf8 24. Bf5 f6 25. Bxe6 Qxe6 26.
Nf5+ Kh8 27. e4 Kh7 28. exf6 Rxf6 29. Qd3 Rfg6 30. e5 Kh8 31. Nh4 Rg8 32. Rf7
R8g7 33. Rxg7 Kxg7 34. Qf3 Nd5 35. Qf8+ Kh7 36. Rf7+ 1-0

[Event "21e tournoi d'automne"]
[Site "Montigny le Bretonneux"]
[Date "2023.10.26"]
[Round "6.4"]
[White "Benhadid, Jazzmine"]
[Black "Kunne, Ronald"]
[Result "1-0"]
[WhiteElo "1441"]
[BlackElo "1563"]
[Annotator "Rivier,Sylvain"]
[PlyCount "61"]
[EventDate "2023.??.??"]

{Défense française, variante d'échange} 1. e4 e6 2. d4 d5 3. Bd3 dxe4 4. Bxe4
Nf6 5. Bf3 Nbd7 6. Ne2 Bd6 7. Nbc3 e5 8. O-O O-O 9. Be3 exd4 10. Nxd4 Ne5 11.
h3 Nxf3+ 12. Qxf3 c6 13. Rad1 Qc7 14. Rfe1 Bb4 15. Bg5 Bxc3 16. bxc3 Nd5 17. c4
f6 18. cxd5 fxg5 19. Qb3 Kh8 20. Ne6 Bxe6 21. dxe6 Qf4 22. f3 b6 23. e7 Rfe8
24. Qe6 Qf6 25. Qd7 Qc3 26. Re2 a5 27. Qxe8+ Rxe8 28. Rd8 Qc5+ 29. Kh1 Qxe7 30.
Rxe8+ Qxe8 31. Rxe8# 1-0

[Event "21e tournoi d'automne"]
[Site "Montigny le Bretonneux"]
[Date "2023.10.26"]
[Round "6.5"]
[White "Lefol, Marius"]
[Black "Schwartz, Timothee"]
[Result "1/2-1/2"]
[WhiteElo "1717"]
[BlackElo "1494"]
[Annotator "Rivier,Sylvain"]
[PlyCount "45"]
[EventDate "2023.??.??"]

{Défense sicilienne, variante Rossolimo} 1. e4 c5 2. Nf3 Nc6 3. Bb5 g6 4. O-O
Bg7 5. c3 Nf6 6. Re1 O-O 7. d4 cxd4 8. cxd4 d5 9. e5 Ne4 10. Be3 Qb6 11. Qe2 a6
12. Ba4 Bd7 13. Nc3 Nxc3 14. bxc3 Rac8 15. c4 Qb4 16. cxd5 Qxa4 17. dxc6 Rxc6
18. Rac1 Rfc8 19. Rxc6 Rxc6 20. Rc1 Rxc1+ 21. Bxc1 Be6 22. a3 Qc4 23. Qb2
1/2-1/2

[Event "21e tournoi d'automne"]
[Site "Montigny le Bretonneux"]
[Date "2023.10.26"]
[Round "6.6"]
[White "Selores Granjo, Gilberto"]
[Black "Danek, Victor"]
[Result "0-1"]
[WhiteElo "1405"]
[BlackElo "1475"]
[Annotator "Rivier,Sylvain"]
[PlyCount "113"]
[EventDate "2023.??.??"]

{Défense Caro-Kann} 1. e4 c6 2. Nf3 d5 3. d3 dxe4 4. Ng5 h6 5. Nxe4 Nf6 6. Nbc3
Bf5 7. Be3 e6 8. a3 Nbd7 9. g3 Qa5 10. b4 Qc7 11. Bg2 Nd5 12. Bd2 N7b6 13. O-O
Be7 14. Ne2 O-O 15. c4 Nf6 16. Bc3 Bxe4 17. Bxe4 Nxe4 18. dxe4 Nd7 19. Nf4 Bf6
20. Rc1 Bxc3 21. Rxc3 Qe5 22. Qc2 Nf6 23. f3 Rfd8 24. Re1 Rd7 25. Rd3 Rad8 26.
Red1 Qc7 27. Rxd7 Rxd7 28. Rxd7 Qxd7 29. Qd3 Kf8 30. Qxd7 Nxd7 31. Kf2 Nb6 32.
c5 Nc4 33. a4 Nb2 34. a5 e5 35. Ne2 Nd3+ 36. Ke3 Nxb4 37. Nc1 Na6 38. Nb3 Ke7
39. f4 f6 40. h3 Kf7 41. Kf3 Kg6 42. h4 Kh5 43. f5 g5 44. fxg6 Kxg6 45. g4 Kf7
46. Ke3 Ke6 47. Kf3 Nb4 48. Nc1 Nc2 49. Nb3 Nd4+ 50. Nxd4+ exd4 51. Kf4 d3 52.
Ke3 Ke5 53. Kxd3 Kf4 54. Kd4 Kxg4 55. e5 fxe5+ 56. Kxe5 Kxh4 57. Kf4 0-1

[Event "21e tournoi d'automne"]
[Site "Montigny le Bretonneux"]
[Date "2023.10.26"]
[Round "6.7"]
[White "Plantet, Marc"]
[Black "Moulun, Raphael"]
[Result "1-0"]
[WhiteElo "1697"]
[BlackElo "1241"]
[Annotator "Rivier,Sylvain"]
[PlyCount "49"]
[EventDate "2023.??.??"]

{Défense Petroff} 1. e4 e5 2. Nf3 Nf6 3. Nxe5 d6 4. Nxf7 Kxf7 5. d4 c6 6. Nc3
Be6 7. Bd3 Nbd7 8. O-O Qc7 9. f4 Bg4 10. Qe1 Re8 11. Qh4 Kg8 12. e5 h5 13. h3
Be7 14. Qg3 h4 15. Qf2 dxe5 16. fxe5 Bh5 17. Qf5 g6 18. Qe6+ Kg7 19. Bg5 Rhf8
20. exf6+ Nxf6 21. Bf4 Qd8 22. Be5 g5 23. Qf5 Kh6 24. Bxf6 Rf7 25. Qg6+ 1-0

[Event "21e tournoi d'automne"]
[Site "Montigny le Bretonneux"]
[Date "2023.10.26"]
[Round "6.8"]
[White "Montay, Jean-Paul"]
[Black "Henry, Victor"]
[Result "1/2-1/2"]
[WhiteElo "1313"]
[BlackElo "1339"]
[Annotator "Rivier,Sylvain"]
[PlyCount "119"]
[EventDate "2023.??.??"]

{Ouverture anglaise, variante Botvinnik inversée} 1. c4 c5 2. Nc3 Nc6 3. g3 g6
4. Bg2 Bg7 5. Nf3 d6 6. O-O a6 7. d3 e6 8. Qc2 Nge7 9. Bg5 h6 10. Bxe7 Qxe7 11.
a3 O-O 12. e3 Rb8 13. Qd2 b5 14. Ne2 bxc4 15. d4 d5 16. Rab1 cxd4 17. Nfxd4
Nxd4 18. Nxd4 Bb7 19. f4 Rfc8 20. Rf2 Rc7 21. Qc3 Rbc8 22. Rc2 Bc6 23. Nxc6
Rxc6 24. Qd2 c3 25. bxc3 Rxc3 26. Rcb2 Rxa3 27. Rb3 Rxb3 28. Rxb3 Qc5 29. Qb4
Qxb4 30. Rxb4 Bc3 31. Rb3 a5 32. Kf2 a4 33. Ra3 Rc4 34. Bf1 Bb2 35. Bxc4 Bxa3
36. Bb5 Kg7 37. Bxa4 Kf6 38. Kf3 Bd6 39. h3 g5 40. Bc2 Ba3 41. Bd3 Bc1 42. Bc2
Ke7 43. Bd3 f5 44. Bc2 Kd6 45. Bd3 Kc5 46. Be2 d4 47. exd4+ Kxd4 48. Bb5 e5 49.
fxe5 Kxe5 50. g4 f4 51. Ba6 Kd4 52. Bb5 Kc3 53. Bf1 Be3 54. h4 gxh4 55. Bh3 Kd4
56. Bg2 Ke5 57. Bh3 Kf6 58. Bg2 Kg5 59. Bf1 h5 60. gxh5 1/2-1/2

[Event "21e tournoi d'automne"]
[Site "Montigny le Bretonneux"]
[Date "2023.10.26"]
[Round "6.9"]
[White "Tanchoux, Pierre"]
[Black "Aidan, David"]
[Result "1/2-1/2"]
[WhiteElo "1242"]
[BlackElo "1181"]
[Annotator "Rivier,Sylvain"]
[PlyCount "153"]
[EventDate "2023.??.??"]

{Défense hollandaise} 1. d4 f5 2. Nf3 e6 3. e3 Nf6 4. Bd3 b6 5. b3 Bb4+ 6. c3
Be7 7. Bb2 Bb7 8. O-O O-O 9. Nbd2 d6 10. Qc2 Qe8 11. e4 fxe4 12. Nxe4 Nxe4 13.
Bxe4 Bxe4 14. Qxe4 Nd7 15. Qxe6+ Kh8 16. Rae1 Bf6 17. Qc4 Qd8 18. Bc1 h6 19.
Bf4 Rc8 20. Bg3 h5 21. d5 Nc5 22. Bh4 g5 23. Bxg5 Bxg5 24. Nxg5 Qxg5 25. Qd4+
Kg8 26. Re3 Rf4 27. Qd2 Rg4 28. g3 Rf8 29. Kh1 a5 30. Qe2 Qg6 31. f4 Qh7 32.
Re7 Rg7 33. Re1 Rxe7 34. Qxe7 Qxe7 35. Rxe7 Rf7 36. Rxf7 Kxf7 37. Kg2 Kg6 38.
Kh3 Nd3 39. Kh4 Nc1 40. f5+ Kxf5 41. Kxh5 Kf6 42. Kh6 Nd3 43. g4 Ne5 44. g5+
Kf7 45. h4 Kg8 46. g6 Ng4+ 47. Kg5 Ne5 48. h5 Nf7+ 49. Kf6 Nh6 50. c4 Kf8 51.
g7+ Kg8 52. Kg6 Nf7 53. h6 Ne5+ 54. Kf6 Ng4+ 55. Ke7 Nxh6 56. Kd7 Nf5 57. Kxc7
Kxg7 58. Kxb6 Kf7 59. Kxa5 Ke7 60. Kb5 Nd4+ 61. Kb6 Kd7 62. Kb7 Nc2 63. Kb6 Na3
64. Ka5 Kc7 65. Ka4 Nc2 66. b4 Kb6 67. Kb3 Nd4+ 68. Kc3 Ne2+ 69. Kb2 Nf4 70. a4
Nd3+ 71. Ka3 Kb7 72. a5 Ka6 73. Kb3 Nc1+ 74. Kc3 Ne2+ 75. Kd3 Nc1+ 76. Kc3 Ne2+
77. Kc2 1/2-1/2

[Event "21e tournoi d'automne"]
[Site "Montigny le Bretonneux"]
[Date "2023.10.26"]
[Round "6.10"]
[White "Gazay, Didier"]
[Black "Ben Hamouda, Catherine"]
[Result "1-0"]
[WhiteElo "1568"]
[BlackElo "1010"]
[Annotator "Rivier,Sylvain"]
[PlyCount "59"]
[EventDate "2023.??.??"]

{Défense est-indienne} 1. c4 Nf6 2. g3 g6 3. Bg2 Bg7 4. Nc3 O-O 5. d4 d6 6. e4
e5 7. d5 Nbd7 8. Nge2 a5 9. O-O Nc5 10. b3 b6 11. f3 Bd7 12. Be3 Re8 13. Qc2
Qb8 14. a3 a4 15. bxa4 Nxa4 16. Rfb1 Ra6 17. Qc1 Rc8 18. Nxa4 Bxa4 19. c5 Nd7
20. Bh3 Qa8 21. c6 Nc5 22. Bxc5 bxc5 23. Bxc8 Qxc8 24. Nc3 f5 25. Rb2 fxe4 26.
fxe4 Qf8 27. Qf1 Qe7 28. Rb8+ Bf8 29. Qxa6 Qg5 30. Qe2 1-0

[Event "21e tournoi d'automne"]
[Site "Montigny le Bretonneux"]
[Date "2023.10.27"]
[Round "7.1"]
[White "Gouanelle, Franck"]
[Black "Touati, Bruno"]
[Result "1-0"]
[WhiteElo "2058"]
[BlackElo "1699"]
[Annotator "Rivier,Sylvain"]
[PlyCount "133"]
[EventDate "2023.??.??"]

{Partie du pion dame} 1. d4 d5 2. Nf3 Nf6 3. Bf4 g6 4. Nc3 c6 5. h3 Qb6 6. Rb1
Bf5 7. g4 Be4 8. e3 Nbd7 9. Nxe4 Nxe4 10. c3 Bg7 11. Qb3 f6 12. Bg2 O-O-O 13.
Qxb6 Nxb6 14. g5 Nd7 15. h4 e5 16. Bh2 Rde8 17. dxe5 Nxe5 18. Nxe5 fxe5 19.
Bxe4 dxe4 20. Ke2 Rd8 21. Rhd1 Rxd1 22. Rxd1 Rd8 23. Rb1 Kd7 24. Bg3 Ke6 25. a4
Kf5 26. Ra1 h6 27. gxh6 Bxh6 28. Ra3 g5 29. hxg5 Bxg5 30. Ra1 Rh8 31. Rg1 Bf6
32. Ra1 Ke6 33. Ra3 Kd5 34. Kd2 Bh4 35. Bxh4 Rxh4 36. Ra1 Kc4 37. Kc2 Rh2 38.
b3+ Kc5 39. Rf1 b5 40. axb5 cxb5 41. Kd2 Rh6 42. Ra1 Rd6+ 43. Kc2 a6 44. Rg1
Rf6 45. Rg2 a5 46. Kb2 Rd6 47. Kc2 a4 48. bxa4 bxa4 49. Rg4 Rf6 50. Rxe4 Rxf2+
51. Kd3 Kd6 52. Rxa4 Rh2 53. Ra6+ Kd5 54. c4+ Kc5 55. Ra5+ Kd6 56. Ra8 Rh4 57.
Rc8 Kd7 58. Rc5 Kd6 59. Rd5+ Ke6 60. Ra5 Kf5 61. Ra6 Rh7 62. e4+ Kg5 63. c5 Rf7
64. Kc4 Kf4 65. Kd5 Rd7+ 66. Rd6 Ra7 67. Rf6+ 1-0

[Event "21e tournoi d'automne"]
[Site "Montigny le Bretonneux"]
[Date "2023.10.27"]
[Round "7.2"]
[White "Forissier, Nicolas"]
[Black "Fruchard, Cyrille"]
[Result "0-1"]
[WhiteElo "1878"]
[BlackElo "2323"]
[Annotator "Rivier,Sylvain"]
[PlyCount "58"]
[EventDate "2023.??.??"]

{Gambit dame, dÃ©fense semi-slave} 1. d4 d5 2. c4 e6 3. Nc3 Nf6 4. e3 c6 5. Nf3
Nbd7 6. Bd3 Bd6 7. e4 dxc4 8. Bxc4 b5 9. Bd3 e5 10. O-O O-O 11. d5 cxd5 12.
Nxd5 Nxd5 13. exd5 Rb8 14. Bc2 h6 15. Be3 a6 16. Qd2 f5 17. a4 f4 18. Qd3 Nf6
19. Bxf4 e4 20. Qd2 exf3 21. Bxh6 gxh6 22. Qxh6 Qc7 23. Bg6 Qg7 24. Qg5 Ng4 25.
h4 Be7 26. Qh5 Rb6 27. d6 Rxd6 28. Be4 Ne5 29. g3 Rh6 0-1

[Event "21e tournoi d'automne"]
[Site "Montigny le Bretonneux"]
[Date "2023.10.27"]
[Round "7.3"]
[White "Martin-Breteau, Paul"]
[Black "Benhadid, Jazzmine"]
[Result "1-0"]
[WhiteElo "1556"]
[BlackElo "1441"]
[Annotator "Rivier,Sylvain"]
[PlyCount "117"]
[EventDate "2023.??.??"]

{DÃ©fense sicilienne, variante Rossolimo} 1. e4 c5 2. Nc3 Nc6 3. Nf3 g6 4. Bb5
Bg7 5. O-O Nf6 6. e5 Ng4 7. Bxc6 dxc6 8. Re1 O-O 9. h3 Nh6 10. d3 Nf5 11. Ne4
b6 12. Bf4 Ba6 13. Qd2 Nd4 14. Nxd4 Qxd4 15. Nc3 Rad8 16. Re4 Qd7 17. Bh6 Qf5
18. Rh4 Bxh6 19. Qxh6 g5 20. Rg4 f6 21. exf6 exf6 22. Re1 Qg6 23. Qxg6+ hxg6
24. Ra4 Bc8 25. Rxa7 Rf7 26. Ree7 Rd7 27. Re8+ Kg7 28. Ra8 Bb7 29. Rg8+ Kh6 30.
Rh8+ Rh7 31. Rxh7+ Kxh7 32. Ne4 Kg7 33. Rg8+ Kf7 34. Rh8 Ke6 35. Rb8 Ke7 36.
Rh8 Ke6 37. Rf8 f5 38. Nxg5+ Ke7 39. Rf7+ Ke8 40. Rxd7 Kxd7 41. Kf1 Ba6 42. Nf3
Kd6 43. Ke2 Ke6 44. Ke3 Kf6 45. Nd2 Ke6 46. Nc4 b5 47. Na5 Kd6 48. f3 Bc8 49.
Kf4 Be6 50. c4 Kc7 51. Ke5 Bf7 52. Kf6 Be8 53. Nb3 Kd6 54. g4 fxg4 55. fxg4 Kd7
56. Nxc5+ Kd6 57. Ne4+ Kd7 58. c5 Kc7 59. Nd6 1-0

[Event "21e tournoi d'automne"]
[Site "Montigny le Bretonneux"]
[Date "2023.10.27"]
[Round "7.4"]
[White "Benhadid, Jeilynn"]
[Black "Lefol, Marius"]
[Result "1/2-1/2"]
[WhiteElo "1504"]
[BlackElo "1717"]
[Annotator "Rivier,Sylvain"]
[PlyCount "136"]
[EventDate "2023.??.??"]

{Gambit dame} 1. d4 d5 2. c4 e6 3. Nf3 Nf6 4. Nc3 Be7 5. Bf4 O-O 6. e3 Nbd7 7.
Bd3 dxc4 8. Bxc4 a6 9. O-O b5 10. Bd3 c5 11. dxc5 Nxc5 12. Bc2 Bb7 13. Qe2 Qb6
14. a3 Nd5 15. Nxd5 Bxd5 16. Nd2 f5 17. Be5 Nd7 18. Bd4 Qd6 19. f4 Rac8 20.
Rac1 Bb7 21. Bb3 Kh8 22. Nf3 Bxf3 23. Qxf3 Bf6 24. Rcd1 Qe7 25. Qh3 Nc5 26.
Bxc5 Rxc5 27. Rd2 Rfc8 28. Rfd1 Rc1 29. Qf3 Rxd1+ 30. Qxd1 Qc5 31. Rd3 e5 32.
Rc3 Qf8 33. Rxc8 Qxc8 34. Qd2 exf4 35. exf4 Qc5+ 36. Kf1 Qd4 37. Qxd4 Bxd4 38.
a4 Bxb2 39. axb5 axb5 40. Ke2 g6 41. Kf3 b4 42. g4 fxg4+ 43. Kxg4 Bf6 44. h4
h5+ 45. Kg3 Kg7 46. Bc2 Bc3 47. f5 Be1+ 48. Kh3 gxf5 49. Bxf5 b3 50. Bb1 b2 51.
Bc2 Kf6 52. Bb1 Ke5 53. Bg6 Kd4 54. Bh7 Kc3 55. Bg6 Kd2 56. Bh7 Kc1 57. Bg6
b1=Q 58. Bxb1 Kxb1 59. Kg2 Kc2 60. Kh2 Kd2 61. Kg2 Ke2 62. Kh1 Bxh4 63. Kh2 Kf2
64. Kh1 Kg3 65. Kg1 Bd8 66. Kh1 h4 67. Kg1 Bb6+ 68. Kh1 h3 1/2-1/2

[Event "21e tournoi d'automne"]
[Site "Montigny le Bretonneux"]
[Date "2023.10.27"]
[Round "7.5"]
[White "Danek, Victor"]
[Black "Kunne, Ronald"]
[Result "0-1"]
[WhiteElo "1475"]
[BlackElo "1563"]
[Annotator "Rivier,Sylvain"]
[PlyCount "60"]
[EventDate "2023.??.??"]

{Ouverture anglaise, variante des quatre cavaliers} 1. c4 e5 2. Nc3 Nf6 3. Nf3
Nc6 4. d3 Bb4 5. Bd2 d5 6. cxd5 Nxd5 7. g3 O-O 8. Bg2 Nxc3 9. Bxc3 Bxc3+ 10.
bxc3 Be6 11. O-O f5 12. Qc2 Qf6 13. Nd2 Rfd8 14. Rab1 Rab8 15. Rb2 Bd5 16. e4
Be6 17. Rfb1 Na5 18. Nf3 fxe4 19. dxe4 Bg4 20. Rb5 Nc4 21. Qb3 Be6 22. Qa4 Nd2
23. Nxd2 Rxd2 24. Qxa7 Rbd8 25. Re1 b6 26. f3 Rxg2+ 27. Kxg2 Rd2+ 28. Kg1 Qxf3
29. Qb8+ Kf7 30. Qxc7+ Kg6 0-1

[Event "21e tournoi d'automne"]
[Site "Montigny le Bretonneux"]
[Date "2023.10.27"]
[Round "7.6"]
[White "Schwartz, Timothee"]
[Black "Plantet, Marc"]
[Result "0-1"]
[WhiteElo "1494"]
[BlackElo "1697"]
[Annotator "Rivier,Sylvain"]
[PlyCount "66"]
[EventDate "2023.??.??"]

{Gambit dame, dÃ©fense semi-Tarrasch} 1. e4 c6 2. c4 d5 3. exd5 cxd5 4. cxd5 Nf6
5. Nc3 Nxd5 6. Nf3 Nc6 7. Bc4 e6 8. O-O Be7 9. d4 O-O 10. Re1 Nf6 11. a3 b6 12.
d5 Na5 13. Ba2 Bb7 14. b4 Qc8 15. Qd4 Nxd5 16. Nxd5 Bxd5 17. Bxd5 Bf6 18. Ne5
Rd8 19. bxa5 Rxd5 20. Qg4 Rxe5 21. Bf4 Rxa5 22. Rac1 Rc5 23. Qf3 Rxc1 24. Rxc1
Qd8 25. Qb7 Qd5 26. Qc7 Rd8 27. h3 g5 28. Bg3 h5 29. Qxa7 Qd2 30. Rc7 h4 31.
Rxf7 hxg3 32. fxg3 Qe3+ 33. Kh2 Bd4 0-1

[Event "21e tournoi d'automne"]
[Site "Montigny le Bretonneux"]
[Date "2023.10.27"]
[Round "7.7"]
[White "Henry, Victor"]
[Black "Gazay, Didier"]
[Result "0-1"]
[WhiteElo "1339"]
[BlackElo "1568"]
[Annotator "Rivier,Sylvain"]
[PlyCount "108"]
[EventDate "2023.??.??"]

{DÃ©fense franÃ§aise, variante d'Ã©change} 1. e4 e6 2. d4 d5 3. exd5 exd5 4.
Nf3 Bd6 5. Bd3 Ne7 6. O-O Bg4 7. Re1 f6 8. c3 O-O 9. Nbd2 Qd7 10. Nf1 Rf7 11.
Ng3 Nf5 12. Nxf5 Bxf5 13. Bxf5 Qxf5 14. Re8+ Rf8 15. Qe2 Nc6 16. Rxa8 Rxa8 17.
Be3 a6 18. Ne1 Qe6 19. Nd3 b6 20. Re1 Re8 21. g3 a5 22. Kf1 Qf7 23. Qf3 g5 24.
h4 h6 25. hxg5 hxg5 26. g4 Ne7 27. Ke2 Ng6 28. Kd1 Nh4 29. Qh1 c6 30. Bd2 Rxe1+
31. Nxe1 Qg6 32. Kc1 Kf7 33. f4 Kg7 34. f5 Qe8 35. Kd1 Bg3 36. Nf3 Qe4 37. Be1
Bxe1 38. Qxe1 Nxf3 39. Qxe4 dxe4 40. Ke2 Nh2 41. Ke3 Nxg4+ 42. Kxe4 Kf7 43. c4
Ke7 44. b3 Kd7 45. a3 Kd6 46. b4 Nf2+ 47. Ke3 Nd1+ 48. Ke4 axb4 49. axb4 c5 50.
dxc5+ bxc5 51. b5 Nc3+ 52. Ke3 Na4 53. Ke4 Nb6 54. Kd3 Ke5 0-1

[Event "21e tournoi d'automne"]
[Site "Montigny le Bretonneux"]
[Date "2023.10.27"]
[Round "7.8"]
[White "Montay, Jean-Paul"]
[Black "Couradin, Jean-Marie"]
[Result "1-0"]
[WhiteElo "1313"]
[BlackElo "1426"]
[Annotator "Rivier,Sylvain"]
[PlyCount "95"]
[EventDate "2023.??.??"]

{Ouverture anglaise, variante symÃ©trique, systÃ¨me Rubinstein} 1. c4 c5 2. Nc3
Nf6 3. Nf3 d5 4. cxd5 Nxd5 5. g3 Nc7 6. Bg2 Nc6 7. a3 e5 8. O-O Be7 9. d3 O-O
10. Qc2 Re8 11. Be3 Bf8 12. Ne4 Nd4 13. Bxd4 cxd4 14. Rac1 Na6 15. Rfe1 b6 16.
Nfd2 Rb8 17. b4 Be6 18. Qa4 f5 19. Qxa6 fxe4 20. Bxe4 Qg5 21. Nf3 Qf6 22. Rc7
Rbc8 23. Rec1 Rxc7 24. Rxc7 Bd6 25. Rxa7 Rc8 26. Ra8 Qd8 27. Rxc8 Bxc8 28. Qb5
Bd7 29. Qd5+ Kh8 30. Qxd6 Qc8 31. Nxe5 Bh3 32. Qc6 Qf8 33. Bg2 Bf5 34. Be4 Bh3
35. g4 g6 36. Bxg6 Qg7 37. Qe8+ Qg8 38. Qxg8+ Kxg8 39. Bf5 Kg7 40. f3 h5 41.
Kf2 b5 42. Ng6 Kf6 43. Kg3 hxg4 44. fxg4 Bf1 45. Nf4 Kg5 46. h4+ Kf6 47. Kf2
Ke5 48. Ng6+ 1-0

[Event "21e tournoi d'automne"]
[Site "Montigny le Bretonneux"]
[Date "2023.10.27"]
[Round "7.9"]
[White "Selores Granjo, Gilberto"]
[Black "Tanchoux, Pierre"]
[Result "0-1"]
[WhiteElo "1405"]
[BlackElo "1242"]
[Annotator "Rivier,Sylvain"]
[PlyCount "106"]
[EventDate "2023.??.??"]

{DÃ©fense sicilienne} 1. e4 c5 2. Nc3 d6 3. Bc4 e6 4. f4 a6 5. d3 b5 6. Bb3 Bb7
7. Nf3 d5 8. exd5 exd5 9. a3 Nf6 10. O-O Be7 11. Qe1 O-O 12. Bd2 Re8 13. Qg3
Nbd7 14. f5 d4 15. Ne2 Bd5 16. Bxd5 Nxd5 17. Bh6 Bf8 18. Nf4 Nxf4 19. Bxf4 Kh8
20. Ng5 Qf6 21. Qh3 h6 22. Qh5 Kg8 23. Ne4 Qd8 24. Rf3 Nf6 25. Nxf6+ Qxf6 26.
g4 g5 27. fxg6 Qxg6 28. Qh3 Rad8 29. g5 Rd5 30. Kh1 hxg5 31. Rg1 f6 32. Qg4 Bh6
33. h4 Re7 34. Rfg3 Rg7 35. h5 Qf7 36. Bd2 Qd7 37. Qf3 Rf5 38. Qa8+ Kh7 39.
Qxa6 Qd5+ 40. Kh2 Rf2+ 41. R3g2 Rxg2+ 42. Rxg2 Qe5+ 43. Kh1 Qf5 44. Qd6 Qh3+
45. Qh2 Qxh2+ 46. Kxh2 f5 47. Kh3 g4+ 48. Kh4 Bxd2 49. Rxd2 Kh6 50. Re2 g3 51.
Re6+ Kh7 52. Re1 f4 53. Rg1 g2 0-1

[Event "21e tournoi d'automne"]
[Site "Montigny le Bretonneux"]
[Date "2023.10.27"]
[Round "7.10"]
[White "Aidan, David"]
[Black "Ben Hamouda, Catherine"]
[Result "1/2-1/2"]
[WhiteElo "1181"]
[BlackElo "1010"]
[Annotator "Rivier,Sylvain"]
[PlyCount "51"]
[EventDate "2023.??.??"]

{DÃ©fense Alekhine, variante de chasse} 1. e4 d5 2. exd5 Nf6 3. Nc3 Nxd5 4. Nf3
Nxc3 5. dxc3 Qxd1+ 6. Kxd1 Nc6 7. Bd3 Bg4 8. h3 Bxf3+ 9. gxf3 O-O-O 10. Bd2 g6
11. Re1 f6 12. Kc1 e5 13. f4 Bh6 14. fxe5 Bxd2+ 15. Kxd2 Nxe5 16. Ke2 a6 17.
Rad1 Nxd3 18. cxd3 Rhe8+ 19. Kf1 Rxe1+ 20. Kxe1 Re8+ 21. Kf1 Kd7 22. Rd2 c6 23.
b3 Kc7 24. a3 h5 25. f3 g5 26. Kf2 1/2-1/2